000 01298nam a2200313 i 4500
003 EG-GICUC
005 20260121101721.0
008 260112s1971 ua ||||fr|||| 001 0 ara d
040 _a EG-GICUC
_bara
_c EG-GICUC
_d EG-GICUC
_erda
041 _aara
082 0 4 _a343.442
_bم ح . ج
_221
092 0 4 _221
099 _aLaw1 10 343.442 م ح . ج ed 1 - 1971 1006405
100 0 _aمحمود محمود مصطفى.
_eمؤلف.
245 1 2 _aالجرائم العسكرية في القانون المقارن.
_nالجزء الثاني،
_pقانون القضاء العسكري /
_cتأليف الدكتور محمود محمود مصطفى.
250 _aالطبعة الأولى،
264 1 _aالقاهرة :
_bدار النهضة العربية،
_c1971.
300 _a178 صفحة ؛
_c24 سم.
_bإيضاحيات، صور، مثيليات ؛
336 _2rda content
_atext
337 _2rda media
_aComputer
338 _2rda carrier
_aOnline Resource
504 _aيشتمل على ارجاعات ببليوجرافية.
546 _aالنص باللغة العربية
650 1 _aقانون العقوبات العسكري.
_2qrmak
651 1 _2qrmak
856 4 0 _uhttps://fll.law.cu.edu.eg/fulltext/bks/B10-06405.pdf
905 _a18
942 _2ddc
_n0
_cBK
_e21
999 _c56654
_d56654